[Event "Alushta Autumn 1st"]
[Site "Alushta"]
[Date "2002.09.20"]
[Round "8"]
[White "Erenburg, Sergey"]
[Black "Selin, Oleg"]
[Result "1-0"]
[WhiteElo "2475"]
[BlackElo "2432"]
[Annotator "Rogozenco,D"]
[PlyCount "43"]
[EventDate "2002.09.15"]
[EventType "tourn"]
[EventRounds "15"]
[EventCountry "UKR"]
[EventCategory "9"]
[SourceTitle "CBM 092"]
[Source "ChessBase"]
[SourceDate "2003.02.06"]
[SourceVersion "1"]
[SourceVersionDate "2003.02.06"]
[SourceQuality "1"]

1. e4 c5 2. c3 Nf6 3. e5 Nd5 4. d4 cxd4 5. Nf3 Nc6 6. Bc4 Nb6 7. Bb3 d5 8. exd6
Qxd6 9. O-O Be6 10. Bxe6 Qxe6 11. Nxd4 Nxd4 12. Qxd4 Rd8 13. Qh4 Qe2 {The old
main line. Black tries to make it difficult for White to develop queenside
pieces without being forced to sacrifice some material, but in fact sacrifices
are in White's favour if Black will accept them. Although with exact play
Black can neutralize White's initiative, instead of the provoking 13...Qe2,
Black has safer continuations, such as 13...h5 14.h4 Qc4, or the immediate 13..
.Qc4.} 14. Bd2 $5 {[%cal Gf1e1] The idea of this apparently modest move is to
prepare Rf1-e1. It was played for the first time by Sveshnikov back in 1983.
Alternatives are} (14. Nd2) (14. Be3) 14... Rxd2 $2 {This is known to be bad.
Two minor pieces will not be able to compete with rooks. White gets easily a
strong attack against the king.} (14... e6 15. Re1 Qd3 (15... Qb5 {Maybe this
is most precise way, since now Bg5 is less impressive:} 16. Bg5 Rd5 {attacking
the bishop.}) 16. Bg5 Rd5 17. Nd2 Qg6 18. Ne4 (18. Nf3 $1 {Ionov,S; Livshits,A.
} h6 (18... Bd6 $2 19. c4 Rd3 20. c5 $18) 19. Rad1 $16) 18... h6 19. Bf6 Nd7
20. Rad1 Rxd1 21. Rxd1 gxf6 22. Qf4 Be7 23. Qc7 O-O 24. Ng3 Bd8 25. Qxd7 Bb6
26. Qa4 $14 {1-0 Sveshnikov,E-Ionov,S/Volgodonsk 1983 (43)}) (14... h5 {
[%cal Ge2g4]} 15. h3 Nc4 (15... Rxd2 16. Nxd2 Qxd2 17. Rfd1 Qh6 18. Rd3 $36 {
[%cal Ga1d1] Kubredinov-Shukin, URSS 1987}) 16. Re1 Qd3 17. Bc1 a6 (17... f6
18. b3 Nb6 19. Be3 e5 20. Nd2 Be7 21. Ne4 $1 $36 {Cheutshenko-Rytshagov M.,
Tallin 2000.}) 18. b3 Nd6 19. Qa4+ Qb5 20. Qxb5+ (20. Qf4 $142 e6 21. c4 Qf5
22. Nc3 Be7 23. Qe3 $14 {/\Bb2, Sveshnikov}) 20... Nxb5 21. a4 Nc7 22. Ra2 e6
23. Be3 Be7 $11 {1/2-1/2 Sveshnikov,E-Salov,V/Leningrad 1984 (31)}) (14... f6
15. Re1 Rxd2 16. Nxd2 Qxd2 17. Qh5+ g6 18. Qa5 Qd7 19. Qxa7 Nc8 20. Qa5 e6 21.
c4 Qc6 22. Rxe6+ Qxe6 23. Re1 Qxe1+ 24. Qxe1+ Kd7 25. Qd2+ Kc7 26. Qf4+ Bd6 27.
Qxf6 $16 {1-0 Sveshnikov,E-Kuzmin,G/Tashkent 1984 (41)}) 15. Nxd2 Qxd2 16. Rfd1
Qxb2 (16... Qh6 17. Qg3 $16) 17. a4 $1 (17. Rab1 Qxc3 $2 (17... Qxa2 18. Qe4
$36) (17... Qa3 18. Qg3 $36) 18. Rxb6 axb6 19. Qa4+ Qc6 20. Qa8+) 17... f6 $2 {
Loses at once, although White is winning anyway.} (17... Nc8 18. Rab1 Qe2 19.
Qd4 Nd6 20. Rxb7 Qxd1+ 21. Qxd1 Nxb7 22. Qd5 $18) 18. a5 Qxc3 (18... Nc8 19.
Qa4+ Kf7 20. Qc4+ $18 {[%cal Gc4f7,Gc4c8]}) (18... Na8 19. Qc4 $18) 19. axb6
axb6 20. Qh5+ g6 21. Qd5 Qc8 22. Rdc1 1-0

[Event "Alushta Autumn 1st"]
[Site "Alushta"]
[Date "2002.09.15"]
[Round "1"]
[White "Erenburg, Sergey"]
[Black "Livshits, Gaby"]
[Result "1-0"]
[WhiteElo "2475"]
[BlackElo "2380"]
[Annotator "Rogozenco,D"]
[PlyCount "73"]
[EventDate "2002.09.15"]
[EventType "tourn"]
[EventRounds "15"]
[EventCountry "UKR"]
[EventCategory "9"]
[SourceTitle "CBM 092"]
[Source "ChessBase"]
[SourceDate "2003.02.06"]
[SourceVersion "1"]
[SourceVersionDate "2003.02.06"]
[SourceQuality "1"]

1. e4 c5 2. c3 d5 3. exd5 Qxd5 4. d4 Nf6 5. Nf3 Bg4 6. dxc5 {A safe line,
which gained popularity lately first of all because in most of the cases White
has a pleasant plus. After 6...Qxc5 Black should know exactly how to
neutralize White's lead in development, otherwise he risks to end up in
troubles quickly because he is forced to lose several moves by retreating the
queen.} Qxc5 (6... Qxd1+ 7. Kxd1 e5 8. b4 {leads to a sharp endgame, with a
lot of possibilities to improve upon the existing theory. However, White's
chances seem to be slightly preferable in complications after} e4 9. h3 Bh5 10.
g4 Nxg4 11. hxg4 Bxg4 12. Nbd2) 7. Na3 ({The following game is a good example
that Black must not neglect the advance of White's g-pawn:} 7. h3 Bh5 8. Be3
Qc7 9. Na3 Nbd7 10. Nb5 Qb8 11. g4 $1 Bg6 12. g5 $1 Ne4 13. Nh4 $1 a6 14. Nxg6
hxg6 15. Qd5 $1 Rh4 16. O-O-O Qc8 17. Rd4 Ndc5 18. f3 e6 19. Qe5 {Classic
energy and initiative - every move a threat! (Wells)} f6 20. Nc7+ Kf7 21. Qh2
e5 22. Bc4+ Ke7 23. gxf6+ gxf6 24. Nd5+ {1-0 Vlassov,N-Avrukh,B/Moscow 2002})
7... a6 {Useful move, but as a strong Grandmaster said once (if I am not
mistaken, it was Polugaevsky), the move a7-a6 is always a loss of tempo in the
opening. Which means that Black must be very careful after it and try to
develop quickly pieces. With his next few moves White seizes the initiative.}
8. Be3 Qc8 ({The natural} 8... Qc7 {looks stronger.}) 9. h3 Bh5 $6 {Provoking
the advance of g-pawn can be hardly called courage.} (9... Be6 {was played
before, when after the unusual maneuver Be6-d5-c6 Black managed to keep equal
chances. Of course there are plenty ways for White to develop the initiative
here as well.}) 10. g4 $1 Bg6 11. Bg2 Nbd7 {After 11...e6 12.Ne5 White has a
strong initiative.} 12. g5 Ne4 (12... Nh5 13. Nh4 e6 (13... e5 14. Nxg6 hxg6
15. Qb3 $18) 14. Qb3 Rb8 {with idea ...Bc5 or ...Nc5 was better than the game.}
) 13. Nh4 {Same motif as in Vlassov-Avrukh shown above: after the trade of
bishop on g6,Black will find it difficult to protect light squares in his camp
(on the long diagonal, for instance).} Nd6 14. Nxg6 hxg6 15. Qa4 b5 $5 (15...
e6 16. O-O-O Be7 $14 {/+/-}) 16. Qc2 Rb8 17. O-O-O Qc7 18. Rhe1 {The
difference in development is too big. Each innacuracy can be fatal for Black
now.} Nf5 $2 {Black wants to play e6 next and get a comfortable position, but
he delays it for too long. The immediate 18...e6 might seem unpleasant because
of 19.Bf4, or 18...e5 because of 19.f4. Still, Black should have pushed the
e-pawn. Concrete lines show that he is only slightly worse after that.} (18...
e6 19. Bf4 Be7 20. Kb1 (20. Rd4 e5 21. Bxe5 (21. Rxe5 Nxe5 22. Bxe5 O-O 23. Bd5
{[%csl Rg6]} Bxg5+ 24. f4 Rbe8 $1) 21... Nxe5 22. Rxe5 Nf5 {[%csl Ra3] is okay
for Black.}) (20. Qd3 e5 21. Bxe5 (21. Rxe5 Nxe5 22. Bxe5 Rd8 23. Bxg7 Nf5)
21... Nxe5 22. Rxe5 Nf5 $44) 20... O-O 21. Qd3 e5 {White is better, but far
from winning yet, for instance:} (21... Nc5 22. Bxd6 Nxd3 23. Bxc7 Nxe1 24.
Rxe1 $18) (21... Rb6 22. Nc2 $16) 22. Nc2 Nc5 23. Qe2 exf4 24. Qxe7 Qxe7 25.
Rxe7 Nf5 {and Black can play on.}) (18... e5 19. Qd3 (19. f4 Nf5 20. Bd4 (20.
fxe5 Bxa3 $13) 20... Bxa3 21. bxa3 O-O $132 {[%csl Ra3,Rc3]}) (19. Bd4 Nf5 20.
Bxe5 Nxe5 21. Rxe5+ Be7 $1 $44) 19... Be7 20. Nc2 Nf5 $14) 19. Qe4 $1 e6 (19...
Nxe3 20. Rxe3 e6 21. Qc6 Qxc6 22. Bxc6 Rd8 23. Red3 $18) 20. Qc6 Qxc6 21. Bxc6
Bd6 {[%mdl 64]} (21... Nd6 22. Rxd6 (22. Bf4 {is not bad at all either, with
big advantage.}) 22... Bxd6 23. Rd1 Ke7 (23... Bxa3 24. Bxd7+ Kf8 25. bxa3 $18)
24. Bxd7 Kxd7 (24... Rb7 25. Bc6 Rc7 26. Bg2 Bxa3 27. bxa3 Rxc3+ 28. Kb2 $16)
25. Bc5 Kc6 26. Bxd6 Rbd8 27. Be5 Rxd1+ 28. Kxd1 Rxh3 29. Bxg7 $16) 22. Rxd6 $1
{Winning material.} ({Other moves bring little, for instance:} 22. Rd2 Ke7 23.
Red1 (23. Bxd7 Kxd7 24. Red1 Kc6) 23... Ne5) 22... Nxd6 23. Rd1 Ke7 24. Bxd7
Rhd8 25. Bc6 b4 26. Nb1 bxc3 27. Nxc3 $18 Rbc8 28. Bg2 Nc4 29. Rxd8 Kxd8 30.
Bf4 e5 31. Bg3 f6 32. gxf6 gxf6 33. Bb7 Rb8 34. Bxa6 Nxb2 35. Kc2 Na4 36. Nxa4
Ra8 37. Bb5 1-0

[Event "Bucharest Kings 6th"]
[Site "Bucharest"]
[Date "2012.11.09"]
[Round "3"]
[White "Nisipeanu, Liviu Dieter"]
[Black "Topalov, Veselin"]
[Result "1/2-1/2"]
[WhiteElo "2661"]
[BlackElo "2751"]
[Annotator "Rogozenco,D"]
[PlyCount "61"]
[EventDate "2012.11.07"]
[EventType "tourn"]
[EventRounds "6"]
[EventCountry "ROU"]
[EventCategory "20"]
[SourceTitle "CBM 152"]
[Source "ChessBase"]
[SourceDate "2013.01.15"]
[SourceVersion "1"]
[SourceVersionDate "2013.01.15"]
[SourceQuality "1"]

1. e4 c5 2. c3 {The Sicilian Alapin has been used by Nisipeanu before as well,
although much more often he goes for the Open Sicilian. However, the Romanian
grandmaster has rather bad memories in the Open Sicilian against Topalov: he
drew twice and lost twice. As a rule, the move 2.c3 leads to quieter positions,
but as we'll see, not between these two ambitious fighters.} d5 3. exd5 Qxd5 4.
d4 Nf6 5. Nf3 Nc6 6. dxc5 (6. Be2) ({and} 6. Be3 {are the main moves, but the
theory developed very deep in those lines and in the past decade the capture
on c5 has become more and more popular. Also from the statistical point of
view 6.dxc5 is a promising continuation for White.}) 6... Qxd1+ {Actually we
are witnessing a somewhat paradoxical case: the exchange of queens represents
an ambitious continuation for Black, since instead of a quiet endgame it leads
to very sharp positions.} (6... Qxc5 {keeps material equality, but hands the
initiative to White after} 7. Na3) 7. Kxd1 e5 {If Black takes the pawn back,
he will have an obvious advantage thanks to his lead in development and better
control in the centre.} 8. Be3 {A surprise. Usually White plays 8.b4 almost
automatically.} Nd5 9. b4 {Nisipeanu is not afraid to give up his bishop for
his opponent's centralised knight, since every exchange of pieces favours
White.} g6 {After this natural, but new continuation we have a rare situation
when after just 9 moves there is a completely new position on the board!
Topalov's intention with 9...g6 is clear: he wants to develop the bishop to
the long diagonal and combine different ideas, for instance the advances of a-
and e-pawns. White must stick to the extra pawn and try not to allow his
opponent to activate the pieces too much. The price for every decision in such
an unbalanced position is very high and no wonder that Nisipeanu thought for
half an hour before answering.} (9... Bf5 10. Bc4 O-O-O 11. Kc1 {looks safe
for White}) ({but as Topalov admitted after the game,} 9... f6 {might be a
good alternative to 9...g6.}) 10. Kc2 Bf5+ ({Of course, in such sharp position
Black has plenty of options. One of the most principled continuations seemed
to be} 10... a5 11. b5 (11. Bb5 axb4 12. Nxe5 Nxe3+ 13. fxe3 Bf5+ 14. Kb3 Be6+
15. Kb2 O-O-O {looks very dangerous for White}) 11... e4 12. Nd4 Ne5 13. Nd2 f5
) ({After} 10... Bg7 11. Nbd2 (11. Bc4 $5) 11... O-O 12. Bc4 {it is not so
easy to prove full compensation.}) 11. Kb3 a5 12. Bc4 $1 {A precise move.} (12.
Bb5 {is weaker:} Bg7 {with great compensation.}) ({or} 12. b5 a4+ 13. Kb2 Nxe3
14. fxe3 Na5 15. Nxe5 Bxc5 {and again Black is better}) 12... Be6 13. Ng5 (13.
b5 a4+ 14. Kb2 Na5 15. Bxd5 Bxd5 16. Nbd2 ({or} 16. Nxe5 Bg7) 16... f6 {
is good for Black (Topalov)}) 13... axb4 14. cxb4 (14. Nxe6 $2 {runs into} Na5+
15. Kc2 Nxc4 16. Nxf8 Ndxe3+ 17. fxe3 Nxe3+ 18. Kb3 Nxg2 {with clear advantage
for Black, since the knight on f8 is trapped.}) 14... Ncxb4 15. Nc3 {This is
somewhat more precise than taking immediately on e6, since in some variations
White keeps also the option to take on e6 with the bishop.} ({The positional} 
15. Nxe6 fxe6 16. Re1 {is not so good for White in view of} Nc6) 15... Nxc3 (
15... Nxe3 16. Nxe6 fxe6 17. fxe3 Bxc5 18. Ne4 b6 $11) 16. Nxe6 ({There was
also the interesting} 16. Bxe6 fxe6 17. Kxb4 Nd5+ 18. Kb5 {though it is also
about equal after} Be7 19. Ne4 (19. Nxe6 $2 Ra6 {loses the knight}) 19... Nxe3
20. fxe3 Ra3) 16... fxe6 17. Kxb4 {The march with the king to b5 is a brave
and objectively good decision by the Romanian grandmaster.} (17. Kxc3 Nd5+ 18.
Kd2 Nxe3 19. fxe3 Bxc5 20. Bxe6 $11) 17... Nd5+ 18. Kb5 Be7 $1 (18... Nxe3 19.
fxe3 Rc8 20. Rac1 $1 Rxc5+ 21. Kb6 {threatening a check from b5 suddenly leads
to problems for Black.}) 19. Rac1 ({White had at his disposal an interesting
idea to sacrifice the exchange with} 19. Rhd1 Nc3+ (19... Nxe3 20. fxe3 Rc8 21.
Rac1 Rxc5+ 22. Kb6 Kf7) 20. Kb6 Nxd1 21. Rxd1 {with great compensation, but
instead of taking on d1 Back can give a check on a4 and the best for White is
to repeat the position.}) 19... Bd8 {Threatening mate in one!} 20. Bb3 ({
An interesting idea to play for the advantage was} 20. Bd2 $1 {and Black
suddenly may feel uncomfortable with his weak pawns on the e-file. If} O-O {
then} 21. f3) 20... Rf8 21. Rhd1 Ra5+ 22. Kc4 Be7 $1 23. Kd3 Nxe3 24. fxe3 Bxc5
25. Rf1 $1 ({Stronger than} 25. Bxe6 Rf2 {with an initiative for Black, since}
26. Rd2 {is bad in view of} e4+ 27. Kc2 Rf6 $1) 25... Rxf1 26. Rxf1 Ke7 {
With the next rook manoeuvre Nisipeanu accurately neutralises any possible
danger.} 27. Rc1 $1 b6 28. Rc4 Ra8 29. Ra4 {Black's extra pawn plays no role
and Topalov decided to call it a day right away.} Rxa4 (29... Rd8+ 30. Ke2) 30.
Bxa4 g5 31. Ke4 1/2-1/2

[Event "EU-Cup 18th"]
[Site "Kallithea"]
[Date "2002.09.22"]
[Round "1.6"]
[White "Rozentalis, Eduardas"]
[Black "Titz, Heimo"]
[Result "1-0"]
[WhiteElo "2564"]
[BlackElo "2309"]
[Annotator "Rogozenco,D"]
[PlyCount "53"]
[EventDate "2002.09.22"]
[EventType "team-swiss"]
[EventRounds "7"]
[EventCountry "GRE"]
[SourceTitle "CBM 092"]
[Source "ChessBase"]
[SourceDate "2003.02.06"]
[SourceVersion "1"]
[SourceVersionDate "2003.02.06"]
[SourceQuality "1"]
[WhiteTeam "Warsaw Polonia"]
[BlackTeam "Klagenfurt"]
[WhiteTeamCountry "POL"]
[BlackTeamCountry "AUT"]

1. e4 c5 2. c3 d5 3. exd5 Qxd5 4. d4 Nf6 5. Nf3 e6 6. Be3 Nbd7 $6 (6... cxd4)
7. c4 Qc6 $6 (7... Qd6 8. Nc3 cxd4 9. Nxd4 Be7 {and at least Black is not
forced to move his queen yet once again.}) 8. Nc3 cxd4 9. Nxd4 Qc7 10. Be2 a6
11. O-O $16 {White already completed development, while Black still needs a
lot of moves to do so. Even if Black would finish development, White can claim
a typical edge for such positions. The strange thing is that player with Black
already had experience in this line. A sad one, I should mention... Look to
the games given below.} b6 (11... Be7 12. Qd2 $5 {with the following idea:} O-O
13. Bf4 e5 14. Nf5 Bb4 15. Bh6 $1 Ne4 16. Qe3 $36) 12. Bf3 Bb7 13. Rc1 {
White obviously prepares Nc3-d5 at some point.} (13. Re1 Be7 14. Bf4 Qxf4 15.
Bxb7 Ra7 16. Bf3 Bb4 (16... Rc7 17. g3 Qd6 18. Nd5 Nxd5 19. cxd5 Ne5 20. Bg2
O-O 21. dxe6 fxe6 22. Nxe6 Nd3 23. Re2 Rc4 24. Nxf8 Kxf8 25. Rd2 Rd4 26. Bf1
Ne5 27. Rxd4 {1-0 Sermek,D-Titz,H/Pula 2001}) 17. Nd5 Nxd5 18. Re4 Ne3 19. Qa4
Qd6 20. fxe3 O-O 21. a3 Bd2 22. Qd1 Nc5 23. Qxd2 f5 24. Rxe6 Nxe6 25. Bd5 Re7
26. Qb4 {1-0 Pavasovic,D-Hoelzl,F/Bled 2000}) 13... Rc8 $2 (13... Be7 {was
called for, although even here White has the tactical shot:} 14. Bf4 $1 (14.
Nd5 {here this is less clear, for instance:} exd5 15. cxd5 Qe5 16. Nc6 Bxc6 17.
dxc6 Nc5 18. Bxc5 bxc5 19. Re1 Qc7) 14... Qxf4 (14... e5 15. Bxb7 Qxb7 16. Nf5
exf4 17. Re1 $16) 15. Bxb7 {[%csl Rc6] and the weaknesses of light squares in
Black's camp secure White a big advantage,}) 14. Re1 (14. Nd5 exd5 15. cxd5 Qd6
(15... Qb8 16. Nc6 Bxc6 17. dxc6 Ne5 18. Bf4 Bd6 19. c7 Bxc7 20. Rxc7 Qxc7 21.
Bxe5 Qxe5 22. Re1)) 14... Bb4 $2 {Asking for troubles, although the position
was difficult already.} (14... Be7 15. Nd5 exd5 16. cxd5 Qb8 17. Rxc8+ Qxc8 18.
Bf4 $36) 15. Nd5 $1 $18 {Suddenly it is all over. Black is lost in all lines,
which is not surprising at all.} exd5 (15... Nxd5 16. cxd5 Nc5 17. Re2 $18 {
[%csl Rb4]}) (15... Qd6 16. Nxf6+ Nxf6 17. Bxb7) 16. Bf4+ Bxe1 17. Qxe1+ Kd8
18. Bxc7+ Rxc7 19. Nf5 Re8 20. Qd1 {White is absolutely winning. Besides
material advantage he has a decisive attack. If not after 15.Nd5, then here it
surely wasn't too early to resign.} Re6 21. h3 g6 22. Nd4 Rd6 23. Qd2 dxc4 24.
Bxb7 Rxb7 25. Qf4 Rd5 26. Nc6+ Ke8 27. Re1+ 1-0

[Event "EU-Cup 18th"]
[Site "Kallithea"]
[Date "2002.09.22"]
[Round "1.4"]
[White "Penttinen, Jarkko"]
[Black "Timoshenko, Georgy"]
[Result "0-1"]
[WhiteElo "2366"]
[BlackElo "2528"]
[Annotator "Rogozenco,D"]
[PlyCount "86"]
[EventDate "2002.09.22"]
[EventType "team-swiss"]
[EventRounds "7"]
[EventCountry "GRE"]
[SourceTitle "CBM 092"]
[Source "ChessBase"]
[SourceDate "2003.02.06"]
[SourceVersion "1"]
[SourceVersionDate "2003.02.06"]
[SourceQuality "1"]
[WhiteTeam "Taraus"]
[BlackTeam "Donetsk"]
[WhiteTeamCountry "FIN"]
[BlackTeamCountry "UKR"]

1. e4 c5 2. c3 Nf6 3. e5 Nd5 4. d4 cxd4 5. Nf3 Nc6 6. Bc4 Nb6 7. Bb3 d5 8. exd6
Qxd6 9. Na3 dxc3 10. Qe2 Bf5 11. Nb5 Qd7 12. Ne5 Nxe5 13. Qxe5 Rc8 14. Nxa7 $2
(14. O-O Nc4 15. Bxc4 Rxc4 16. Nxc3 {is the right way for White, leading to
equal positions (White has enough compensation for the pawn thanks to his lead
in development).}) 14... f6 15. Qa5 cxb2 16. Bxb2 Nc4 {The position is
correctly evaluated by the theory as clearly better for Black. White's idea in
the game seems to be that after a forced line he will win the exchange.
However, Black will get two pawns and big activity, which makes the position
close to winning for Black anyway.} 17. Qc3 Nxb2 18. Nxc8 Nd3+ $1 19. Kf1 (19.
Ke2 Nf4+ 20. Kf3 e5 $19 {[%cal Gf5g4,Gd7c8]}) 19... Qxc8 20. Ba4+ Kf7 21. Bb3+
Kg6 22. Qxc8 Bxc8 23. Bc2 Bf5 24. g4 Be4 25. f3 {The position White was aiming
for. It is probably the best White can achieve after 14.Nxa7, although White
is struggling to escape in a much worse endgame.} Bxf3 26. Bxd3+ Kg5 27. Rg1 e5
28. Rc1 {Otherwise Black plays ...Bc5.} Bc6 (28... Bd6 $5) 29. Kf2 (29. Ke2 Bd6
$17) (29. Rc4 Bd6 $17 (29... e4 30. Bxe4 Bb5 31. Bd3 Bxc4 32. Bxc4 Bd6 $17) 30.
Be4 $2 Bb5 $19) 29... e4 30. Be2 Bd6 $17 {/-+} 31. h4+ Kxh4 32. Rh1+ Kg5 33.
Rh5+ Kg6 34. Ke3 Be5 35. Bc4 Rd8 36. Rf1 h6 {Three pawns will finish the job
very soon.} 37. Rg1 Bd4+ 38. Ke2 Bd7 39. Rh4 Kg5 40. Rh5+ Kf4 41. Rf1+ Kg3 42.
Rhf5 g6 $5 43. Rd1 Bxf5 0-1